000 00553nam a2200181 a 4500
005 20140412111406.0
008 070718s19uu xx 00 eng d
020 _a0-7172-8440-9
050 _aER
_bWa17 1984
100 _aMilne, A.A.
245 _aWinnie the pooh and the windy day /
_cA.A. Milne.
260 _aU.S.A :
_bWalt disney,
_c1984.
440 _a Disney's wonderful world of reading
520 _aMisfortune befalls pooh and all his friends one windy windsay
650 _aToys-- fiction
650 _aWind-- fiction
999 _c105563
_d105563